[Event "Mont de Marsan op 9th"]
[Site "Mont de Marsan"]
[Date "2012.12.28"]
[Round "5"]
[White "Gramont, Francois"]
[Black "Labrousse, Jeanne"]
[Result "1-0"]
[WhiteElo "1451"]
[BlackElo "1221"]
[PlyCount "76"]
[EventDate "2012.12.27"]
[EventType "swiss"]
[EventRounds "9"]
[EventCountry "FRA"]
[SourceTitle "CBM 152 Extra"]
[Source "ChessBase"]
[SourceDate "2013.02.25"]
[SourceVersion "1"]
[SourceVersionDate "2013.02.25"]
[SourceQuality "1"]

1. e4 e5 2. Nf3 d6 3. Bb5+ Bd7 4. Bc4 Nf6 5. Ng5 d5 6. exd5 Nxd5 7. Nxf7 Kxf7 8. Bxd5+ Ke8 9. Qh5+ g6 10. Qxe5+ Qe7 11. Qxe7+ Kxe7 12. Bxb7 Nc6 13. Bxa8 Bg7 14. Bxc6 Bxc6 15. 0-0 Kd7 16. c3 h5 17. d4 Bb5 18. Re1 Kc8 19. Na3 Bc6 20. Nc4 h4 21. h3 Bf6 22. Re6 Bd5 23. Rxf6 Bxc4 24. Rxg6 Bd3 25. Rh6 Re8 26. Rxh4 Re1+ 27. Kh2 Rf1 28. Rf4 Kb7 29. b3 a6 30. Bb2 Rb1 31. Rxb1 Bxb1 32. a3 a5 33. h4 Bc2 34. b4 a4 35. h5 Kb6 36. h6 Kb7 37. Rf7 Bg6 38. Re7 Kc6 1-0

[Event "Rohde op 09th"]
[Site "Sautron"]
[Date "2009.10.26"]
[Round "3"]
[White "Flachet, Jade"]
[Black "Labrousse, Jeanne"]
[Result "0-1"]
[WhiteElo "1450"]
[BlackElo "1190"]
[PlyCount "92"]
[EventDate "2009.10.24"]
[EventType "swiss"]
[EventRounds "9"]
[EventCountry "FRA"]
[SourceTitle "EXT 2010"]
[Source "ChessBase"]
[SourceDate "2010.11.25"]
[SourceVersion "1"]
[SourceVersionDate "2010.11.25"]
[SourceQuality "1"]

1. e4 e5 2. Nf3 Bd6 3. d4 Qe7 4. Nc3 c6 5. Bc4 b5 6. Bb3 Bc7 7. 0-0 d6 8. d5 b4 9. Ne2 c5 10. Ba4+ Nd7 11. Bc6 Rb8 12. a3 Ngf6 13. Bg5 0-0 14. axb4 cxb4 15. c3 a5 16. cxb4 Rxb4 17. b3 Rxe4 18. Rxa5 Bxa5 19. Ng3 Rb4 20. Bd2 e4 21. Bxb4 Bxb4 22. Nd4 Nc5 23. Nc2 Bc3 24. Ne2 Be5 25. f3 exf3 26. gxf3 Bh3 27. Rf2 Bb2 28. Nf4 Bf5 29. Nb4 Bc3 30. Na2 Ba5 31. b4 Nd3 32. Nxd3 Bb6 33. Nf4 Qe5 34. Ne2 Nh5 35. Kg2 Bxf2 36. Kxf2 Qxh2+ 37. Ke1 Rb8 38. b5 g5 39. Qd2 Qh4+ 40. Kf1 h6 41. Nac3 Qh1+ 42. Kf2 Qh2+ 43. Kf1 Ng3+ 44. Ke1 Qh1+ 45. Kf2 Nf1 46. Qd1 Bh3 0-1

[Event "Pays de Loire-chT"]
[Site "Cholet"]
[Date "2009.??.??"]
[Round "1"]
[White "Labrousse, Jeanne"]
[Black "Drochon, Francois"]
[Result "0-1"]
[WhiteElo "1270"]
[BlackElo "1725"]
[PlyCount "66"]
[EventDate "2009.06.??"]
[EventType "team-tourn"]
[EventRounds "6"]
[EventCountry "FRA"]
[SourceTitle "EXT 2010"]
[Source "ChessBase"]
[SourceDate "2010.11.25"]
[SourceVersion "1"]
[SourceVersionDate "2010.11.25"]
[SourceQuality "1"]

1. b4 e6 2. b5 d5 3. d4 Nf6 4. Bg5 Be7 5. Nf3 c6 6. e3 0-0 7. Be2 cxb5 8. Bxb5 Qa5+ 9. Nc3 Qxc3+ 10. Nd2 Nc6 11. 0-0 a6 12. Be2 h6 13. Bh4 Bd7 14. Bg3 Na7 15. Re1 Rac8 16. Rb1 Bc6 17. Rb3 Qa5 18. Rb2 Nb5 19. f3 Nc3 20. Nb3 Nxd1 21. Nxa5 Nxb2 22. Nxc6 Rxc6 23. Rc1 Rfc8 24. c4 Nxc4 25. Bxc4 Rxc4 26. Re1 Bb4 27. Re2 Rc1+ 28. Kf2 Rh1 29. Be5 Be7 30. g4 Rcc1 31. Kg3 Rcg1+ 32. Kh3 Nh7 33. a4 Ng5+ 0-1

[Event "Pays de Loire-chT"]
[Site "Cholet"]
[Date "2009.??.??"]
[Round "6"]
[White "Labrousse, Jeanne"]
[Black "Livet, Alain"]
[Result "1-0"]
[WhiteElo "1270"]
[BlackElo "1350"]
[PlyCount "39"]
[EventDate "2009.06.??"]
[EventType "team-tourn"]
[EventRounds "6"]
[EventCountry "FRA"]
[SourceTitle "EXT 2010"]
[Source "ChessBase"]
[SourceDate "2010.11.25"]
[SourceVersion "1"]
[SourceVersionDate "2010.11.25"]
[SourceQuality "1"]

1. b4 e5 2. a3 Nc6 3. e4 Nf6 4. Nc3 d5 5. exd5 Nxd5 6. Ne4 Bf5 7. Bd3 Nf4 8. Qf3 Nd4 9. Qg3 b6 10. Nf3 c5 11. Nxe5 Nh5 12. Qe3 Be6 13. c3 Nb3 14. Bb5+ Ke7 15. Nc6+ Kd7 16. Nxd8+ Kxd8 17. Qd3+ Kc7 18. Rb1 Nf4 19. Qg3 a6 20. Qxf4+ 1-0

[Event "Angers op 2nd"]
[Site "Angers"]
[Date "2007.04.15"]
[Round "6.37"]
[White "Sarasin, Philippe"]
[Black "Labrousse, Jeanne"]
[Result "1-0"]
[WhiteElo "1499"]
[BlackElo "1260"]
[PlyCount "87"]
[EventDate "2007.04.13"]
[EventType "swiss"]
[EventRounds "6"]
[EventCountry "FRA"]
[SourceTitle "CBM 117 Extra"]
[Source "ChessBase"]
[SourceDate "2007.05.09"]
[SourceVersion "1"]
[SourceVersionDate "2007.05.09"]
[SourceQuality "1"]

1. e4 e5 2. f4 exf4 3. Nf3 Nc6 4. Bc4 Qf6 5. c3 Bc5 6. d4 Be7 7. 0-0 d6 8. Na3 a6 9. h3 Nh6 10. e5 dxe5 11. dxe5 Qf5 12. Bd3 Bc5+ 13. Kh1 Qh5 14. Bxf4 Bxh3 15. gxh3 Qxh3+ 16. Nh2 0-0 17. Qf3 Qh4 18. Rad1 Rad8 19. Qe4 g6 20. Bxh6 Qxh6 21. Rf6 Rde8 22. e6 Re7 23. Bc4 Nd8 24. Nc2 c6 25. Nd4 Kg7 26. Qe5 Qh4 27. Nf5+ gxf5 28. Rxf5+ f6 29. Qxc5 Rfe8 30. Rg1+ Kh8 31. Rg4 Qe1+ 32. Qg1 Qd2 33. Qd4 Qh6 34. Rh4 Qg7 35. Rg4 Qh6 36. Qxf6+ Qxf6 37. Rxf6 Rg8 38. a4 c5 39. a5 Nc6 40. Rf5 Reg7 41. Rxg7 Kxg7 42. Rf7+ Kh8 43. e7 Re8 44. Rf8+ 1-0

[Event "FRA-chT2 0304"]
[Site "France"]
[Date "2004.03.13"]
[Round "8"]
[White "Labrousse, Jeanne"]
[Black "Devulder, Armine"]
[Result "0-1"]
[WhiteElo "1090"]
[BlackElo "2068"]
[PlyCount "56"]
[EventDate "2003.10.??"]
[EventType "team"]
[EventRounds "11"]
[EventCountry "FRA"]
[SourceTitle "EXT 2005"]
[Source "ChessBase"]
[SourceDate "2004.11.15"]
[SourceVersion "1"]
[SourceVersionDate "2004.11.15"]
[SourceQuality "1"]

1. e4 d5 2. Nc3 Nf6 3. Nf3 dxe4 4. Ne5 Qd4 5. Nc4 Nc6 6. d3 exd3 7. Be3 Qd8 8. Bxd3 Bg4 9. f3 Bh5 10. Qd2 e6 11. Na4 Be7 12. Qc3 Bb4 13. Qd2 Bxd2+ 14. Kxd2 b5 15. b3 bxc4 16. bxc4 0-0 17. Rhd1 Ne5 18. Ke1 Nxd3+ 19. cxd3 Qd6 20. h3 Qb4+ 21. Nc3 Qxc3+ 22. Kf1 Bg6 23. Bd2 Qxd3+ 24. Kg1 Qd4+ 25. Kh1 Nh5 26. Be1 Qb2 27. a4 Nf4 28. Rab1 Qxg2# 0-1